000 01197cam a2200313 a 4500
001 4924818
003 NUST
005 20210909103533.0
008 950414s1996 enka b 001 0 eng
010 _a 95018012
020 _a0198780761 (acidfree paper)
020 _a019878077X (pbk. : acidfree paper)
038 _aMuhammad Ibrah
040 _aDLC
_cDLC
_dDLC
050 0 0 _aJF2011
_b.W37 1996
082 0 0 _a324.2
_220
_bWAR 1996
100 1 _aWare, Alan.
_982293
245 1 0 _aPolitical parties and party systems /
_cAlan Ware.
260 _aOxford ;
_aNew York :
_bOxford University Press,
_c1996.
300 _axix, 435 p. :
_bill. ;
_c25 cm.
504 _aIncludes bibliographical references (p. [404]-415) and index.
563 _aPB
650 0 _aPolitical parties.
_933076
856 4 2 _3Publisher description
_uhttp://www.loc.gov/catdir/enhancements/fy0605/95018012-d.html
856 4 2 _3Contributor biographical information
_uhttp://www.loc.gov/catdir/enhancements/fy0726/95018012-b.html
906 _a7
_bcbc
_corignew
_d1
_eocip
_f19
_gy-gencatlg
942 _2ddc
_cBK
999 _c586449
_d586449